<?xml version="1.0" encoding="UTF-8"?>
<record
    xmlns:xsi="http://www.w3.org/2001/XMLSchema-instance"
    xsi:schemaLocation="http://www.loc.gov/MARC21/slim http://www.loc.gov/standards/marcxml/schema/MARC21slim.xsd"
    xmlns="http://www.loc.gov/MARC21/slim">

  <leader>00821nam a2200169 i 4500</leader>
  <controlfield tag="001">95508</controlfield>
  <controlfield tag="003">ES-MaACL</controlfield>
  <controlfield tag="007">t|</controlfield>
  <controlfield tag="008">050531s1914    sp           ||||1| cat d</controlfield>
  <datafield tag="130" ind1="0" ind2=" ">
    <subfield code="a">Llibre del Consolat de Mar.</subfield>
    <subfield code="9">122756</subfield>
  </datafield>
  <datafield tag="245" ind1="1" ind2="0">
    <subfield code="a">Les costums maritimes de Barcelona universalment conegudes per Llibre del Consolat de Mar </subfield>
    <subfield code="b">: ara de nou publicades en sa forma original, ilustrades ab noticies bibliogr&#xE1;afiques, historiques y lling&#xFC;&#xED;stiques, ab un ap&#xE9;ndix de notes y documents in&#xE8;dits relatius a la historia del Consolat y de la Lotja de Barcelona / </subfield>
    <subfield code="c">per Ernest Molin&#xE9; y Bras&#xE9;s.</subfield>
  </datafield>
  <datafield tag="260" ind1=" " ind2=" ">
    <subfield code="a">Barcelona : </subfield>
    <subfield code="b">Henrich y C&#xAA;, </subfield>
    <subfield code="c">1914.</subfield>
  </datafield>
  <datafield tag="300" ind1=" " ind2=" ">
    <subfield code="a">XCVI, 380 p. ; </subfield>
    <subfield code="c">36 cm.</subfield>
  </datafield>
  <datafield tag="650" ind1="1" ind2="4">
    <subfield code="a">Derecho mar&#xED;timo-</subfield>
    <subfield code="z">Catalu&#xF1;a-</subfield>
    <subfield code="y">S.XIV.</subfield>
    <subfield code="9">11731</subfield>
  </datafield>
  <datafield tag="700" ind1="1" ind2=" ">
    <subfield code="a">Molin&#xE9; y Bras&#xE9;s, Ernest.</subfield>
    <subfield code="9">81982</subfield>
  </datafield>
  <datafield tag="852" ind1=" " ind2=" ">
    <subfield code="a">ES-MaACL</subfield>
    <subfield code="j">G-156</subfield>
  </datafield>
  <datafield tag="999" ind1=" " ind2=" ">
    <subfield code="c">95508</subfield>
    <subfield code="d">95508</subfield>
  </datafield>
  <datafield tag="952" ind1=" " ind2=" ">
    <subfield code="0">0</subfield>
    <subfield code="1">0</subfield>
    <subfield code="4">0</subfield>
    <subfield code="7">0</subfield>
    <subfield code="a">ATENEOM</subfield>
    <subfield code="b">ATENEOM</subfield>
    <subfield code="c">DEPO2</subfield>
    <subfield code="d">2008-01-17</subfield>
    <subfield code="e">SC</subfield>
    <subfield code="l">0</subfield>
    <subfield code="o">G-156</subfield>
    <subfield code="p">1099728</subfield>
    <subfield code="r">2023-02-23 00:00:00</subfield>
    <subfield code="w">2023-02-23</subfield>
    <subfield code="y">MONOGRAFIA</subfield>
  </datafield>
</record>
